Negyedik Béla király a Margitszigeten vagy a margitszigeti apácák történelmi szinmű [!színmű] egy felvonásban, hiteles kútforrások után : pótfüzet a "Margitsziget történelme" cimü [!című] műhöz /

Elmentve itt :
Bibliográfiai részletek
Szerző: Őri G. György
Dokumentumtípus: Könyv
Megjelent: Pannonia Könyvnyomda Kassa 1876
Kulcsszavak:IV. Béla (Magyarország : király), Árpád-házi Szent Margit, Magyar irodalom - dráma
Online Access:http://misc.bibl.u-szeged.hu/45936
LEADER 00798nam a2200157 i 4500
001 misc45936
005 20200217140831.0
008 200217s1876 hu o 0|| hun d
040 |a SZTE Miscellanea Repozitórium  |b hun 
041 |a hun 
100 1 |a Őri G. György 
245 1 0 |a Negyedik Béla király a Margitszigeten vagy a margitszigeti apácák   |h [elektronikus dokumentum] :  |b történelmi szinmű [!színmű] egy felvonásban, hiteles kútforrások után : pótfüzet a "Margitsziget történelme" cimü [!című] műhöz /  |c  Őri G. György 
260 |a Pannonia Könyvnyomda  |b Kassa  |c 1876 
300 |a 48 p., [2] t.  |c 20 cm 
695 |a IV. Béla (Magyarország : király), Árpád-házi Szent Margit, Magyar irodalom - dráma 
856 4 0 |u http://misc.bibl.u-szeged.hu/45936/1/b_91040.pdf  |z Dokumentum-elérés